| 000 | 00566nam a22001937a 4500 | ||
|---|---|---|---|
| 003 | KOHA_MİRAKIL | ||
| 005 | 20250415134735.0 | ||
| 008 | 250415b tu ||||| |||| 00| 0 tur d | ||
| 020 | _a9786052650882 | ||
| 040 |
_aTR-AnABB _btur _cTR-AnABB |
||
| 041 | _atur | ||
| 082 |
_a828.3354 _bLOC 2023 |
||
| 100 | 1 | _aLockwoood, Patrıcıa, | |
| 245 | 1 | 0 |
_aKimsenin bundan bahsettiği yok / _cPatrıcıa Lockwoood |
| 260 |
_aİstanbul : _bİthaki Yayınları, _c2023 |
||
| 300 |
_a166 sayfa ; _c18 cm |
||
| 650 | 0 | 4 | _aAmerikan edebiyatı, roman |
| 942 |
_2ddc _cBK |
||
| 999 |
_c8697 _d8697 |
||
| 900 | _bGizem YORULMAZ | ||